Online
Catalog

El cumpleaños de Tomás Tomatico / (Record no. 58658)

MARC details
000 -CABECERA
campo de control de longitud fija 01227nam a2200289 i 4500
003 - IDENTIFICADOR DEL NÚMERO DE CONTROL
campo de control DO-SdBNP
005 - FECHA Y HORA DE LA ÚLTIMA TRANSACCIÓN
campo de control 20250529125631.0
007 - CAMPO FIJO DE DESCRIPCIÓN FÍSICA--INFORMACIÓN GENERAL
campo de control de longitud fija ta
008 - DATOS DE LONGITUD FIJA--INFORMACIÓN GENERAL
campo de control de longitud fija 250529b2024 dr ac||b |||| 00| 0 spa d
020 ## - NÚMERO INTERNACIONAL ESTÁNDAR DEL LIBRO
Número Internacional Estándar del Libro 9789945801682
040 ## - FUENTE DE LA CATALOGACIÓN
Centro catalogador/agencia de origen DO-SdBNP
Lengua de catalogación spa
Centro/agencia transcriptor BNPHU
Normas de descripción rda
082 ## - NÚMERO DE LA CLASIFICACIÓN DECIMAL DEWEY
Número de clasificación xxx
Número de documento/Ítem E77
100 1# - ENTRADA PRINCIPAL--NOMBRE DE PERSONA
Nombre de persona Esquea, Rosa Francia
Término indicativo de función/relación autora
Código de función/relación aut.
9 (RLIN) 8306
245 03 - MENCIÓN DE TÍTULO
Título El cumpleaños de Tomás Tomatico /
Mención de responsabilidad, etc. Rosa Francia Esquea, Verouschka Freixas
264 ## - PRODUCCIÓN, PUBLICACIÓN, DISTRIBUCIÓN, FABRICACIÓN Y COPYRIGHT
Producción, publicación, distribución, fabricación y copyright Santo Domingo :
Nombre del de productor, editor, distribuidor, fabricante Ediciones Unicaribe,
-- Editora Búho,
Fecha de producción, publicación, distribución, fabricación o copyright 2024.
300 ## - DESCRIPCIÓN FÍSICA
Extensión 26 páginas :
Otras características físicas ilustraciones, retratos
Dimensiones 20 cm.
336 ## - TIPO DE CONTENIDO
Término de tipo de contenido texto
Código de tipo de contenido txt
Fuente rdacontent
337 ## - TIPO DE MEDIO
Nombre/término del tipo de medio sin mediación
Código del tipo de medio n
Fuente rdamedia
338 ## - TIPO DE SOPORTE
Nombre/término del tipo de soporte volumen
Código del tipo de soporte nc
Fuente rdacarrier
500 ## - NOTA GENERAL
Nota general Incluye datos biografícos de las autoras en la página 28.
520 ## - SUMARIO, ETC.
Sumario, etc. El cumpleaños de Tomás tomatico es un libro-álbum lleno de amor y alegría, descrito poéticamente por Rosa Francia Esquea e ilustrado por Verouschka Freixas que refleja la inmensa ilusión que siente un niño ante la llegada del día más esperado del año, su cumpleaños.
521 ## - NOTA DE PÚBLICO DESTINATARIO
Nota de público destinatario infantil
590 ## - NOTA LOCAL (RLIN)
Nota local Inventariado, 2025/ YL
700 1# - PUNTO DE ACCESO ADICIONAL--NOMBRE DE PERSONA
Nombre de persona Freixas, Verouschka
Término indicativo de función/relación autora
Código de función/relación aut.
9 (RLIN) 72255
910 ## - DATOS DE OPCIÓN DEL USUARIO (OCLC)
Datos de opción del usuario YLockward
942 ## - ELEMENTOS DE PUNTO DE ACCESO ADICIONAL (KOHA)
Fuente del sistema de clasificación o colocación Dewey Decimal Classification
Tipo de ítem Koha Folleto
Holdings
Estado de retiro Estado de pérdida Fuente del sistema de clasificación o colocación Restricciones de uso No para préstamo Localización permanente Ubicación/localización actual Fecha de adquisición Fuente de adquisición Total de préstamos Código de barras Fecha visto por última vez Precio válido a partir de Tipo de ítem Koha Nota pública Código de colección Ubicación en estantería Signatura topográfica completa Número de copia
    Dewey Decimal Classification Excluido de préstamo   Biblioteca Nacional Pedro Henríquez Ureña Biblioteca Nacional Pedro Henríquez Ureña 05.02.2025 Depósito Legal   2025-2868 08.04.2025 08.04.2025 Folleto En proceso de descripción        
    Dewey Decimal Classification Excluido de préstamo   Biblioteca Nacional Pedro Henríquez Ureña Biblioteca Nacional Pedro Henríquez Ureña 05.02.2025 Depósito Legal   2025-2872 08.04.2025 08.04.2025 Folleto   Infantojuvenil Patrimonio Dominicano En catalogación BNPHU CIJ-PD xxx E77 e.2
    Dewey Decimal Classification Préstamo en sala   Biblioteca Nacional Pedro Henríquez Ureña Biblioteca Nacional Pedro Henríquez Ureña 05.02.2025 Depósito Legal   2025-2873 08.04.2025 08.04.2025 Folleto   Infantojuvenil Patrimonio Dominicano En catalogación BNPHU CIJ-PD xxx E77 e.3

Powered by Koha